000 00679nam a2200241Ia 4500
003 OSt
005 20220918211414.0
006 a|||||r|||| 00| 0
007 ta
008 220917b |||||||| |||| 00| 0 eng d
024 _a124,314
037 _cTextual
040 _aARTS
_cARTS
_beng
041 _2eng
_aeng
082 _aW:19(zW), K0-;6
100 _aMorgenthau Hans J
_929158
245 0 _aPolitics among Nations
_b The struggle for power and peace
250 _a3rd
260 _aCalcutta
_bScientific Book Agency
_c1963
650 _aPOLITICAL SCIENCE
942 _hW:19(zW), K0-;6
_cTEXL
_2CC
999 _c247503
_d247503